Actitudes educativas, trastornos del lenguaje y otras alteraciones en la infancia y la adolescencia
Uloženo v:
| Hlavní autor: | |
|---|---|
| Médium: | Kniha |
| Jazyk: | španělština |
| Vydáno: |
Barcelona
Laertes
1998
|
| Edice: | Colección Cuadernos PaidoPsiquiatría, 12
|
| Témata: | |
| Tagy: |
Přidat tag
Žádné tagy, Buďte první, kdo vytvoří štítek k tomuto záznamu!
|
MARC
| LEADER | 00000nam a2200000 a 4500 | ||
|---|---|---|---|
| 001 | UCO0056 | ||
| 003 | CL-VaPUC | ||
| 008 | 000407e19980000SP |||||||||||||||||spa|d | ||
| 082 | 0 | 4 | |a 370.15 |b TOM |2 21 |
| 100 | 0 | |a Tomás, Josep |e author |9 441027 | |
| 245 | 1 | 0 | |a Actitudes educativas, trastornos del lenguaje y otras alteraciones en la infancia y la adolescencia |
| 300 | |a 288 p | ||
| 942 | |c BK | ||
| 945 | |d 20000407 00:00:00 |a rbrito | ||
| 260 | |a Barcelona |b Laertes |c 1998 | ||
| 650 | 0 | |a Psicología del aprendizaje |9 306854 | |
| 650 | 0 | |a Trastornos del lenguaje |9 336278 | |
| 650 | 0 | |a Psiquiatría |9 308427 | |
| 650 | 0 | |a Depresión |9 334267 | |
| 583 | |a last modification |c 20000407 00:00:00 |k Rodrigo Vera | ||
| 490 | 0 | |a Colección Cuadernos PaidoPsiquiatría, 12 | |
| 999 | |c 286779 |d 286777 | ||
| 952 | |0 0 |1 0 |4 0 |6 370_150000000000000_TOM_1998 |7 0 |8 A |9 332903 |a BIBEDU |b BIBEDU |d 2019-11-20 |i 3608433 |o 370.15 TOM 1998 |p 3608433 |r 2019-11-20 |w 2019-11-20 |y BK |k EPE | ||
| 952 | |0 0 |1 0 |4 0 |6 370_150000000000000_TOM_1998 |7 0 |8 A |9 332904 |a BIBEDU |b BIBEDU |d 2019-11-20 |i 3661814 |o 370.15 TOM 1998 |p 3661814 |r 2019-11-20 |w 2019-11-20 |y BK |k BME | ||